Zgadniesz Wszystkie Postacie z Ligi Legend? - Statystyki

Ogólne statystyki
  • Ten quiz został rozwiązany 42 razy
    6 od ostatniego zresetowania
  • Średni wynik to 110 z 173
Statystyki odpowiedzi
Bilgewater % Poprawnych
Ambessa
100%
Blitzcrank
100%
Neeko
100%
Aatrox
75%
Ahri
75%
Akali
75%
Akshan
75%
Annie
75%
Ashe
75%
Azir
75%
Bel`Veth
75%
Braum
75%
Caitlyn
75%
Camille
75%
Cassiopeia
75%
Cho`Gath
75%
Corki
75%
Darius
75%
Diana
75%
Draven
75%
Ekko
75%
Evelynn
75%
FIddlesticks
75%
Gangplank
75%
Garen
75%
Gwen
75%
Hecarim
75%
Heimerdinger
75%
Illaoi
75%
Irelia
75%
Janna
75%
Jarvan 4
75%
Jayce
75%
Jinx
75%
Kai`Sa
75%
Kalista
75%
Karma
75%
Kassadin
75%
Katarina
75%
Kayle
75%
Kayn
75%
Kennen
75%
Kha`Zix
75%
Kindred
75%
Kog`Maw
75%
Leblanc
75%
Lee Sin
75%
Leona
75%
Lillia
75%
Lisandra
75%
Lulu
75%
Lux
75%
Mel
75%
Miss Fortune
75%
Morgana
75%
Naafiri
75%
Nami
75%
Nasus
75%
Nautilus
75%
Nidalee
75%
Nocturne
75%
Olaf
75%
Pantheon
75%
Pyke
75%
Qiyana
75%
Quinn
75%
Rakan
75%
Renata Glasc
75%
Renekton
75%
Rengar
75%
Rumble
75%
Ryze
75%
Samira
75%
Sejuani
75%
Seraphine
75%
Shaco
75%
Shen
75%
Shyvana
75%
Sivir
75%
Sona
75%
Swain
75%
Sylas
75%
Tahm Kench
75%
Talon
75%
Taric
75%
Teemo
75%
Tristana
75%
Tryndamere
75%
Twisted Fate
75%
Varus
75%
Vayne
75%
Vi
75%
Viego
75%
Viktor
75%
Vladimir
75%
Xayah
75%
Xerath
75%
Xin Zhao
75%
Yasuo
75%
Yone
75%
Yorick
75%
Zac
75%
Zed
75%
Ziggs
75%
Zoe
75%
Zyra
75%
Alistar
50%
Amumu
50%
Anivia
50%
Aphelios
50%
Aurelion Sol
50%
Aurora
50%
Bard
50%
Brand
50%
Briar
50%
Elise
50%
Ezreal
50%
Fiora
50%
Fizz
50%
Gnar
50%
Gragas
50%
Graves
50%
Hwei
50%
Ivern
50%
Jax
50%
Jhin
50%
Karthus
50%
K`Sante
50%
Lucian
50%
Malphite
50%
Malzahar
50%
Master Yi
50%
Milio
50%
Mordekaiser
50%
Nilah
50%
Norra
50%
Orianna
50%
Ornn
50%
Poppy
50%
Rammus
50%
Rek`Sai
50%
Rell
50%
Riven
50%
Singed
50%
Sion
50%
Skarner
50%
Smolder
50%
Soraka
50%
Syndra
50%
Thresh
50%
Twitch
50%
Udyr
50%
Urgot
50%
Veigar
50%
Vel`Koz
50%
Vex
50%
Volibear
50%
Warwick
50%
Wukong
50%
Yuumi
50%
Zilean
50%
Dr Mundo
25%
Galio
25%
Kled
25%
Maokai
25%
Nunu i Wilump
25%
Senna
25%
Sett
25%
Trundle
25%
Zaahen
25%
Zeri
25%
Taliayh
0%
Yunara
0%
Nie znaleziono quizów pasujących do podanych kryteriów
Rozkład punktacji
Procent ludzi z każdym wynikiem
Percentyl według liczby udzielonych odpowiedzi
Twoja historia wyników
Nie rozwiązałeś tego quizu od ostatniego zresetowania